Adolescent mothers in later life
Αποθηκεύτηκε σε:
| Κύριος συγγραφέας: | |
|---|---|
| Άλλοι συγγραφείς: | , |
| Μορφή: | Βιβλίο |
| Γλώσσα: | English |
| Δημοσίευση: |
Cambridge :
Cambridge University Press,
1990
|
| Σειρά: | Human development in cultural and historical contexts
|
| Θέματα: | |
| Ετικέτες: |
Προσθήκη ετικέτας
Δεν υπάρχουν, Καταχωρήστε ετικέτα πρώτοι!
|
MARC
| LEADER | 00000nam a2200000 i 4500 | ||
|---|---|---|---|
| 001 | 1/3391 | ||
| 008 | 960321s1990 eng d | ||
| 020 | |a 0-521-37968-7 | ||
| 035 | |l 10015203 | ||
| 040 | |a GR-MY-UA |b gre |e aacr | ||
| 041 | 0 | |a eng | |
| 082 | 0 | |a 306.8743088055 | |
| 100 | 1 | |a Furstenberg, Frank F. |d 1940- | |
| 245 | 1 | 0 | |a Adolescent mothers in later life / |c Frank F. Furstenberg; J. Brooks-Gunn; S. Philip Morgan |
| 260 | |a Cambridge : |b Cambridge University Press, |c 1990 | ||
| 300 | |a 204 p. |b tables; fig. | ||
| 490 | 1 | |a Human development in cultural and historical contexts | |
| 504 | |a Includes bibliographical references and index | ||
| 650 | 0 | 0 | |a Teenage mothers |z Maryland |z Baltimore |x Longitudinal studies. |
| 650 | 0 | 0 | |a Mother and child |x Longitudinal studies |z Maryland |z Baltimore. |
| 700 | 1 | |a Brooks-Gunn, Jeanne. | |
| 700 | 1 | |a Morgan, S. Philip. | |
| 830 | 0 | |a Human development in cultural and historical contexts | |
| 852 | |a INST |b LESVOS |e 19960321 |h 306.8743088055 FUR |p 005100006795 |q 005100006795 |t BK |y 0 | ||
| 909 | |a Λ |b 043943 | ||